MARC details
| 000 -LEADER |
| fixed length control field |
02559cam a2200421 i 4500 |
| 001 - CONTROL NUMBER |
| control field |
200468086 |
| 003 - CONTROL NUMBER IDENTIFIER |
| control field |
TR-AnTOB |
| 005 - DATE AND TIME OF LATEST TRANSACTION |
| control field |
20260413162327.0 |
| 007 - PHYSICAL DESCRIPTION FIXED FIELD--GENERAL INFORMATION |
| fixed length control field |
ta |
| 008 - FIXED-LENGTH DATA ELEMENTS--GENERAL INFORMATION |
| fixed length control field |
260413s1969 nyu 000 f eng |
| 010 ## - LIBRARY OF CONGRESS CONTROL NUMBER |
| LC control number |
69014730 |
| 035 ## - SYSTEM CONTROL NUMBER |
| System control number |
(CU-S)b13016866-01ucs_sdi |
|
| System control number |
(OCoLC)00005143 |
| Canceled/invalid control number |
(OCoLC)909963 |
| -- |
(OCoLC)2291255 |
| -- |
(OCoLC)6497093 |
| -- |
(OCoLC)1030083827 |
| -- |
(OCoLC)1166449241 |
| -- |
(OCoLC)1166573236 |
| -- |
(OCoLC)1249597097 |
|
| System control number |
(OCoLC)ocm00005143 |
|
| System control number |
(EXLNZ-01UCS_NETWORK)9912379125406531 |
|
| System control number |
(TR-AnTOB)200468086 |
| 040 ## - CATALOGING SOURCE |
| Original cataloging agency |
DLC |
| Language of cataloging |
eng |
| Description conventions |
rda |
| Transcribing agency |
DLC |
| Modifying agency |
BAKER |
| -- |
NLGGC |
| -- |
BTCTA |
| -- |
ZAD |
| -- |
CIRBC |
| -- |
OCLCA |
| -- |
DEBBG |
| -- |
OCLCQ |
| -- |
TNF |
| -- |
OCLCO |
| -- |
OCLCQ |
| -- |
SWW |
| -- |
OCLCO |
| -- |
OVY |
| -- |
OCLCO |
| -- |
WVX |
| -- |
GGB |
| -- |
OCLCF |
| -- |
OCLCO |
| -- |
OCLCQ |
| -- |
OCLCO |
| -- |
TC@ |
| -- |
OCLCO |
| -- |
OCLCQ |
| -- |
CSJ |
| -- |
OCLCO |
| -- |
OCLCQ |
| -- |
PAU |
| -- |
OCLCQ |
| -- |
HIR |
| -- |
MAFCI |
| -- |
OCLCQ |
| -- |
NZ1 |
| -- |
MLM |
| -- |
TYC |
| -- |
CPS |
| -- |
OCLCO |
| -- |
XFF |
| -- |
QE2 |
| -- |
CSO |
| -- |
LENOT |
| -- |
OCLCO |
| -- |
CPO |
| -- |
CBA |
| -- |
OCLCO |
| -- |
EVV |
| -- |
OCLCO |
| -- |
LD4 |
| -- |
ALAUL |
| -- |
DLC |
| -- |
MMM |
| -- |
U9X |
| -- |
OCLCQ |
| -- |
OCLCO |
| -- |
YBM |
| -- |
OCLCO |
| -- |
OCLCL |
| -- |
WTU |
| -- |
OCLCO |
| -- |
OCLCL |
| -- |
YBM |
| -- |
OCLCO |
| -- |
TR-AnTOB |
| 041 0# - LANGUAGE CODE |
| Language code of text/sound track or separate title |
İngilizce |
| 043 ## - GEOGRAPHIC AREA CODE |
| Geographic area code |
n-us-ny |
| 050 00 - LIBRARY OF CONGRESS CALL NUMBER |
| Classification number |
PS3505.H6428 |
| Item number |
B8 1969 |
| 090 ## - LOCALLY ASSIGNED LC-TYPE CALL NUMBER (OCLC); LOCAL CALL NUMBER (RLIN) |
| Classification number (OCLC) (R) ; Classification number, CALL (RLIN) (NR) |
PS3505.H6428 |
| Local cutter number (OCLC) ; Book number/undivided call number, CALL (RLIN) |
B8 1969 |
| 100 1# - MAIN ENTRY--PERSONAL NAME |
| Personal name |
Cheever, John |
| Relator term |
author |
| Relator code |
aut |
| Authority record control number or standard number |
http://id.loc.gov/authorities/names/n78089819 |
| 9 (RLIN) |
153618 |
| 245 10 - TITLE STATEMENT |
| Title |
Bullet Park : |
| Remainder of title |
a novel / |
| Statement of responsibility, etc. |
by John Cheever. |
| 250 ## - EDITION STATEMENT |
| Edition statement |
First edition. |
| 264 #1 - PRODUCTION, PUBLICATION, DISTRIBUTION, MANUFACTURE, AND COPYRIGHT NOTICE |
| Place of production, publication, distribution, manufacture |
New York : |
| Name of producer, publisher, distributor, manufacturer |
Alfred A. Knopf, |
| Date of production, publication, distribution, manufacture, or copyright notice |
1969. |
| 300 ## - PHYSICAL DESCRIPTION |
| Extent |
245 pages ; |
| Dimensions |
22 cm |
| 336 ## - CONTENT TYPE |
| Content type term |
text |
| Content type code |
txt |
| Source |
rdacontent |
| 337 ## - MEDIA TYPE |
| Media type term |
unmediated |
| Media type code |
n |
| Source |
rdamedia |
| 338 ## - CARRIER TYPE |
| Carrier type term |
volume |
| Carrier type code |
nc |
| Source |
rdacarrier |
| 520 ## - SUMMARY, ETC. |
| Summary, etc. |
"Welcome to Bullet Park, a township in which even the most buttoned-down gentry sometimes manage to terrify themselves simply by looking in the mirror. In these exemplary environs John Cheever traces the fateful intersection of two men: Eliot Nailles, a nice fellow who loves his wife and son to blissful distraction, and Paul Hammer, a bastard named after a common household tool, who, after half a lifetime of drifting, settles down in Bullet Park with one objective -- to murder Nailles's son. Here is the lyrical and mordantly funny hymn to the American suburb -- and to all the dubious normalcy it represents ... "--From Amazon.com. |
| 650 #0 - SUBJECT ADDED ENTRY--TOPICAL TERM |
| Topical term or geographic name entry element |
Violence |
| Geographic subdivision |
New York (State) |
| -- |
New York |
| Form subdivision |
Fiction |
| 9 (RLIN) |
153619 |
|
| Topical term or geographic name entry element |
Families |
| Geographic subdivision |
New York (State) |
| -- |
New York |
| Form subdivision |
Fiction |
| 9 (RLIN) |
116536 |
| 655 #7 - INDEX TERM--GENRE/FORM |
| Genre/form data or focus term |
Domestic fiction |
| Source of term |
lcgft |
| Authority record control number |
http://id.loc.gov/authorities/genreForms/gf2014026295 |
| 9 (RLIN) |
116540 |
|
| Genre/form data or focus term |
Fiction |
| Source of term |
lcgft |
| Authority record control number |
https://id.loc.gov/authorities/genreForms/gf2014026339 |
| 9 (RLIN) |
151487 |
| 942 ## - ADDED ENTRY ELEMENTS (KOHA) |
| Source of classification or shelving scheme |
Library of Congress Classification |
| Koha item type |
Book |